Statistics for Google Maps Cities - Scotland

Click here to take the quiz!

General Stats

  • This quiz has been taken 42 times
  • The average score is 4 of 5

Answer Stats

City% Correct
Edinburgh
100%
Glasgow
100%
Aberdeen
91%
Dundee
74%
Inverness
74%

Score Distribution

Percentile by Number Answered

Percent of People with Each Score

Your Score History

You have not taken this quiz